COST-BENEFIT ASPECTS OF FOOD IRRADIATION PROCESSING (Record no. 210768)

MARC details
000 -LEADER
fixed length control field 00387nam a22001337a 4500
008 - FIXED-LENGTH DATA ELEMENTS--GENERAL INFORMATION
fixed length control field 240722b |||||||| |||| 00| 0 eng d
020 ## - INTERNATIONAL STANDARD BOOK NUMBER
International Standard Book Number 92-0-000393-1
050 ## - LIBRARY OF CONGRESS CALL NUMBER
Classification number 1
100 ## - MAIN ENTRY--PERSONAL NAME
Personal name INTERNATIONAL ATOMIC ENERGY AGENCY
245 ## - TITLE STATEMENT
Title COST-BENEFIT ASPECTS OF FOOD IRRADIATION PROCESSING
260 ## - PUBLICATION, DISTRIBUTION, ETC.
Place of publication, distribution, etc. INTERNATIONAL ATOMIC ENERGY AGENCY
Date of publication, distribution, etc. 1993
942 ## - ADDED ENTRY ELEMENTS (KOHA)
Source of classification or shelving scheme Library of Congress Classification
Koha item type Long Loan Book
Holdings
Withdrawn status Lost status Source of classification or shelving scheme Damaged status Not for loan Home library Current library Date acquired Total checkouts Full call number Barcode Date last seen Copy number Price effective from Koha item type
    Library of Congress Classification     Kisii University Library Kisii University Library 07/22/2024   TP 371.8 I58 1993 000000006237 07/22/2024 C.1 07/22/2024 Long Loan Book